000 00241nam a2200097Ia 4500
082 _aJ 303.49 TAMB
245 0 _aFuture
100 _a TAMBINI, Michael London, 2002
_973010
942 _cBK
008 210817s9999 xx 000 0 und d
999 _c238938
_d238938